Harry Potter gesuchte Person zu Beschreibung finden - Statistiken

Allgemein
  • Dieses Quiz wurde 389 mal gespielt
  • Das Durchschnittsergebnis liegt bei 13 aus 15
Antwortstatistiken
Hint Antwort % Korrekt
Sirius Black Auch bekannt als Tatze. Wurde von seiner eigenen Cousine umgebracht.
90%
Cedric Diggory Eine mutige, freundliche und faire Person, die im Haus Hufflepuff ist und von Peter Pettigrew umgebracht wird.
89%
Hagrid Eine Person die freundlich, loyal, gutmütig und ungeschickt ist und Harry immer zur Seite steht.
88%
Vernon Dursley Eine Person die grimmig, engstirnig und arrogant ist und die Harry Potter und die magische Welt ablehnt.
88%
Rowena Ravenclaw Gründete das Hauses der Weisen und Intelligenten.
88%
Aberforth Dumbledore Ist mitverantwortlich für den Tod seiner Schwester und hat seinem Bruder einmal die Nase gebrochen.
85%
Neville Longbottom Besitzt eine Kröte namens Trevor.
84%
Percy Weasley Eine Person die ehrgeizig, pflichtbewusst und manchmal übermäßig autoritär ist. Sie ist Vertrauensschüler von Gryiffindor.
83%
Cornelius Fudge Hat Schwierigkeiten sich den wachsenden Bedrohungen durch Lord Voldemort zu stellen. Arbeitet im Zaubereiministerium.
83%
Tom Riddle Weise der später mal der gefährlichste dunkle Zauberer aller Zeiten und der brillanteste Schüler, den Hogwarts je gesehen hat wird.
83%
Fenrir Greyback Böser Werwolf und Anhänger von Voldemort.
82%
Xenophilius Lovegood Herausgeber des Klitterers.
81%
Dean Thomas Exfreund von Ginny. Mitbewohner in Hogwarts von Harry.
80%
Grindelwald Eine manipulative und mächtige Person, der mit seiner Vision der Zaubererherrschaft über die Muggels die magische Welt bedroht.
79%
Katie Bell Eine Person aus Gryffindor, die im Quidditchteam mitspielt und von Draco verflucht wird.
71%
Keine übereinstimmenden Quizze gefunden
Verteilung der Resultate
Anzahl Personen mit jedem Resultat
Perzentil nach korrekt beantworteten Fragen
Ihre Resultats-Entwicklung
Sie haben dieses Quiz noch nicht gespielt